| 000 | 00372nam a22001217a 4500 | ||
|---|---|---|---|
| 008 | 230605b xxu||||| |||| 00| 0 eng d | ||
| 082 |
_a328.7305 _bSUL |
||
| 100 |
_cJohn V. Sullivan _d2005 |
||
| 245 | _aConstitution Jefferson's Manual and Rules of the House of Representatives | ||
| 260 |
_aWashington _bU. S Government Printing Office |
||
| 300 | _a1410 p | ||
| 942 |
_2ddc _cBK |
||
| 999 |
_c272 _d272 |
||